000 00485nam a22001937a 4500
003 MPLRDC
005 20220104124505.0
008 210129b ||||| |||| 00| 0 eng d
020 _a7-5324-1063-3
082 _a859.3 SNWK v.16
100 _a李干才等编著
245 _a夏完淳的故事
_c
250 _a一版二刷
260 _a
_b少年儿童出版社
_c1990
300 _b
490 _a少儿文库
650 _a儿童人物故事
942 _cBK
_o859.3 SNWK v.16
999 _c19752
_d19742